Barry's advanced construction of buildings (Record no. 115876)
[ view plain ]
| 000 -LEADER | |
|---|---|
| fixed length control field | 00981cad a22002535a 4500 |
| 001 - CONTROL NUMBER | |
| control field | L159411 |
| 008 - FIXED-LENGTH DATA ELEMENTS--GENERAL INFORMATION | |
| fixed length control field | 170427s2017 xxk f 000 0 eng d |
| 020 ## - INTERNATIONAL STANDARD BOOK NUMBER | |
| International Standard Book Number | 9780203018798 |
| 035 ## - SYSTEM CONTROL NUMBER | |
| System control number | (Sirsi) u159411 |
| 041 0# - LANGUAGE CODE | |
| Language code of text/sound track or separate title | eng |
| 100 1# - MAIN ENTRY--PERSONAL NAME | |
| Personal name | Emmitt, Stephen |
| 245 00 - TITLE STATEMENT | |
| Title | Barry's advanced construction of buildings |
| Medium | [electronic resource] |
| 250 ## - EDITION STATEMENT | |
| Edition statement | 3rd edition |
| 260 ## - PUBLICATION, DISTRIBUTION, ETC. | |
| Place of publication, distribution, etc. | London |
| Name of publisher, distributor, etc. | John Wiley & Sons Ltd |
| Date of publication, distribution, etc. | 2014 |
| 300 ## - PHYSICAL DESCRIPTION | |
| Extent | eBook |
| 520 ## - SUMMARY, ETC. | |
| Summary, etc. | Covers the construction of larger-scale buildings (primarily residential, commercial and industrial) constructed with load bearing frames, fit-out and second fix, lifts and escalators, off-site construction, building obsolescence and revitalisation. |
| 590 ## - LOCAL NOTE (RLIN) | |
| Local note | KA |
| 650 24 - SUBJECT ADDED ENTRY--TOPICAL TERM | |
| Topical term or geographic name entry element | EBOOK |
| 651 #4 - SUBJECT ADDED ENTRY--GEOGRAPHIC NAME | |
| Geographic name | ENGLAND AND WALES |
| 690 ## - LOCAL SUBJECT ADDED ENTRY--TOPICAL TERM (OCLC, RLIN) | |
| Topical term or geographic name as entry element | Construction management |
| 9 (RLIN) | 6230 |
| 700 1# - ADDED ENTRY--PERSONAL NAME | |
| Personal name | Gorse, Christopher A. |
| 856 48 - ELECTRONIC LOCATION AND ACCESS | |
| Uniform Resource Identifier | <a href="https://www.vlebooks.com/">https://www.vlebooks.com/</a> |
| Public note | View on VLEbooks. Logins for members only from [email protected] |
| 942 ## - ADDED ENTRY ELEMENTS (KOHA) | |
| Suppress in OPAC | 0 |
| Withdrawn status | Lost status | Source of classification or shelving scheme | Damaged status | Not for loan | Home library | Current library | Shelving location | Date acquired | Total Checkouts | Full call number | Barcode | Date last seen | Copy number | Price effective from | Koha item type |
|---|---|---|---|---|---|---|---|---|---|---|---|---|---|---|---|
| Dewey Decimal Classification | Virtual | Virtual | Online | 27/04/2017 | eBook | 159411-2001 | 23/03/2023 | 1 | 06/08/2019 | Book |